000 00375nam a2200145Ia 4500
008 230917s9999||||xx |||||||||||||| ||und||
040 _e42802
_aMAIN
041 _aEnglish
082 _a944.03 D295S
100 _aDavis, Natalie Zemon
245 0 _aSociety and culture in early modern France
260 _aLondon
_bDock worth
_c1975
300 _axviii, 362 p.
942 _cBK
999 _c35545
_d35545